Municipios de la Provincia de Alicante - Estadísticas

Estadísticas generales
  • Esta prueba ha sido intentada 1.101 veces
  • La puntuación promedio es 40 de 141
Respuestas en el mapa
Las respuestas están codificadas por una escala verde-roja en el mapa de la prueba según el % correcto abajo.
 
Estadísticas de respuestas
Comarca Municipio % Correcto
Alacantí Alicante
91%
Baix Vinalopó Elche
88%
Marina Baixa Benidorm
84%
Alcoià Alcoy
80%
Medio Vinalopó Elda
76%
Vega Baja Orihuela
76%
Vega Baja Torrevieja
74%
Marina Alta Dénia
73%
Marina Baixa Altea
70%
Alacantí San Vicente del Raspeig
70%
Baix Vinalopó Santa Pola
68%
Alacantí Sant Joan d'Alacant
68%
Alto Vinalopó Villena
67%
Marina Alta Calp
64%
Alacantí El Campello
64%
Marina Baixa Villajoyosa
64%
Vinalopó Mitjà Petrer
63%
Vinalopo Mitjà Novelda
61%
Marina Alta Jávea
60%
Alcoià Ibi
59%
Baix Vinalopó Crevillent
55%
Alto Vinalopó Sax
54%
Baix Segura Guardamar del Segura
50%
Medio Vinalopó Aspe
49%
Alacantí Jijona
47%
Alcoià Tibi
45%
Alacantí Mutxamel
44%
Alacantí Agost
43%
Vega Baja Almoradí
43%
Comtat Cocentaina
43%
Comtat Muro de Alcoy
43%
Alcoià Castalla
41%
Vega Baja Cox
41%
Medio Vinalopó Monforte del Cid
41%
Marina Alta Benissa
38%
Vinalopo Mitjà Monóvar
38%
Vega Baja Albatera
37%
Marina Baixa Guadalest (Castell de)
37%
Vega Baja Pilar de la Horadada
37%
Vega Baja Catral
36%
Alcoià Onil
36%
Vinalopó Mitjà Pinoso
35%
Marina Baixa L'Alfàs del Pi
34%
Marina Baixa La Nucia
34%
Alt Vinalopó Biar
33%
Vega Baja Callosa de Segura
33%
Marina Baixa Finestrat
33%
Marina Alta Pego
33%
Vega Baja Rojales
32%
Marina Alta Teulada
31%
Alcoià Banyeres de Mariola
30%
Marina Baixa Callosa d'en Sarrià
30%
Vega Baja Dolores
30%
Marina Alta Ondara
29%
Marina Baixa Polop
29%
Vinalopó Mitjà Hondón de las Nieves
28%
Alacantí Aigües
26%
Alacantí Busot
26%
Vinalopó Mitjà Hondón de los Frailes
26%
Vega Baja Redován
26%
Vega Baja Benejúzar
24%
Vega Baja Bigastro
24%
Vega Baja San Isidro
23%
Alacantí Torremanzanas
23%
Alt Vinalopó Beneixama
22%
Marina Alta Gata de Gorgos
22%
Vinalopó Mitjà La Romana
22%
Marina Alta Pedreguer
22%
Alto Vinalopó Salinas
22%
Vega Baja San Fulgencio
22%
Vega Baja San Miguel de Salinas
22%
Marina Alta Xaló
21%
Vega Baja Daya Nueva
20%
Vega Baja Daya Vieja
20%
Vega Baja Granja de Rocamora
20%
Marina Baixa Sella
20%
Comtat Agres
19%
Vega Baja Benferri
19%
Vega Baja Benijófar
19%
Marina Alta Benitatxell (Poble Nou)
19%
Vega Baja Algorfa
18%
Comtat Beniarrés
18%
Comtat Benilloba
18%
Marina Baixa Relleu
18%
Vega Baja Rafal
17%
Marina Alta Castell de Castells
16%
Vega Baja Formentera del Segura
16%
Vega Baja Los Montesinos
16%
Alt Vinalopó Cañada
15%
Marina Alta El Verger
15%
Marina Alta Orba
15%
Marina Baixa Tàrbena
15%
Marina Alta Alcalalí
14%
Vinalopó Mitjà Algueña
14%
Vega Baja Jacarilla
14%
Marina Baixa Orxeta
14%
Alcoià Penàguila
14%
Marina Baixa Benimantell
13%
Marina Alta Beniarbeig
12%
Marina Baixa Benifato
12%
Alt Vinalopó Campo de Mirra
12%
Marina Alta Els Poblets
12%
Comtat Gorga
12%
Marina Alta La Vall d'Ebo
12%
Marina Alta Llíber
12%
Comtat Balones
11%
Marina Alta Benidoleig
11%
Marina Alta La Vall de Gallinera
11%
Comtat Millena
11%
Marina Alta Parcent
11%
Comtat Planes
11%
Comtat Tollos
11%
Marina Baixa Beniardá
10%
Comtat Benimarfull
10%
Marina Baixa Confrides
10%
Comtat Facheca
10%
Comtat Famorca
10%
Comtat Gaianes
10%
Marina Alta La Vall de Laguar
10%
Comtat Lorcha
10%
Alcoià Benifallim
9%
Comtat Benillup
9%
Marina Baixa Bolulla
9%
Marina Alta L'Atzúbia
9%
Comtat Quatretondeta
9%
Comtat Alcoleja
8%
Marina Alta Benigembla
8%
Marina Alta Benimeli
8%
Marina Alta Murla
8%
Comtat L'Alqueria d'Asnar
7%
Marina Alta Sanet y Negrals
7%
Marina Alta Tormos
7%
Comtat Alfarara
6%
Comtat Benasau
6%
Marina Alta El Ràfol d'Almúnia
6%
Marina Alta Senija
6%
Comtat Alcocer de Planes
5%
Comtat Almudaina
5%
Marina Alta La Vall d'Alcalà
5%
Marina Alta Sagra
5%
Comtat Benimassot
4%
No se encontraron pruebas coincidentes
Distribución de puntuación
Porcentaje de gente con cada puntuación
Porcentaje por número respondido
Historial de tus puntuaciones
No has intentado esta prueba.